Sổ tay chuyên ngành cơ khí

Shranjeno v:
Bibliografske podrobnosti
Format: Knjiga
Jezik:Vietnamese
Izdano: Khoa học kỹ thuật 2001
Teme:
Oznake: Označite
Brez oznak, prvi označite!
Thư viện lưu trữ: Mạng thư viện Đại học Đà Nẵng
LEADER 00958nam a2200301 a 4500
001 000002965
003 02106
005 20171229145311.0
008 171229s2001 vie
040 |a LSK 
041 0 |a VIE 
082 0 |a 621.8  |b TR-S 
245 0 0 |a Sổ tay chuyên ngành cơ khí  |c Trần Thế San, Tăng Văn Mùi 
260 |b Khoa học kỹ thuật  |c 2001 
300 |a 288 pages  |c 20,5 cm. 
653 |a Cơ khí - Sổ tay 
852 |a Phòng Đọc 
901 |a 2 
927 |a Sách tham khảo 
OWN |a LSK 
AVA |a UDN50  |b LSK  |d 621.8 TR-S  |e available  |t Error 5001 Not defined in file expand_doc_bib_avail.  |f 2  |g 0  |h N  |i 0  |k 1 
999 |a From the UDN01 
AVA |a UDN50  |b LSK  |d 621.8 TR-S  |e available  |t Error 5001 Not defined in file expand_doc_bib_avail.  |f 2  |g 0  |h N  |i 0  |k 1 
TYP |a Monograph 
TYP |a Printed language 
980 |a Mạng thư viện Đại học Đà Nẵng